000 00363nam a2200145Ia 4500
008 230312s9999||||xx |||||||||||||| ||und||
020 _a9780071742382
082 _a005.8
_bDAV-I
100 _aStair,Ralph
245 0 _aPrinciple of Information System
260 _bMcgraw Hill
_aUSA
_c2011
300 _a480
650 _aComputer
_vElectronic Data
942 _cBK
999 _c16933
_d16933